000 nam a22 7a 4500
999 _c55375
_d55375
003 OSt
005 20220810121655.0
008 220810b xxu||||| |||| 00| 0 eng d
040 _cIIMT UNIVERSITY
100 _aRAISINGHANIA, M.D
245 _aALGEBRA
260 _aNEW DELHI
_bS.CHAND
_c1982
300 _a236
942 _2ddc
_c09